Welche Farbe gehört nicht zur Flagge? - Statistiken

Allgemein
  • Dieses Quiz wurde 83 mal gespielt
  • Das Durchschnittsergebnis liegt bei 9 aus 15
Antwortstatistiken
Frage Antwort % Korrekt
Italien Gelb
100%
Südkorea Orange
90%
Tschad Grün
80%
Niederlande Grün
80%
Argentinien Orange
80%
Libanon Blau
70%
Vereinigte Staaten Gelb
70%
Elfenbeinküste Rot
70%
Kiribati Schwarz
50%
Mauretanien Blau
40%
Myanmar Blau
40%
Kosovo Schwarz
40%
Vanuatu Weiß
30%
Dominica Blau
20%
Spanien Braun
20%
Keine übereinstimmenden Quizze gefunden
Verteilung der Resultate
Anzahl Personen mit jedem Resultat
Perzentil nach korrekt beantworteten Fragen
Ihre Resultats-Entwicklung
Sie haben dieses Quiz noch nicht gespielt